Statistics for Washington Multiple Choice

Click here to take the quiz!

General Stats

  • This quiz has been taken 44 times
    (42 since last reset)
  • The average score is 10 of 17

Answer Stats

QuestionAnswer% Correct
Is the death penalty officially outlawed in Washington?Yes
84%
What is the capital of Washington?Olympia
82%
What Canadian province does Washington border in the north?British Columbia
74%
Which one of these book series takes place in Forks, Washington?Twilight
71%
Which one of these states does Washington NOT border?Montana
71%
With what Canadian city does Washington's 4th biggest city share its name?Vancouver
68%
Which one of these companies is NOT based in Washington?Target
66%
Which one of these is the name of the longest river in Washington?Columbia
66%
What is the name of the county Seattle is located in?King
63%
Which one of these fruits does Washington NOT produce more than any other state?Peach
63%
In which year did Washington join the union?1889
61%
How many U.S. presidents had Washington as their home state?0
53%
What was the person which Seattle was named after?A Native American chief
47%
Does Washington have any income tax?No
45%
What is the approximate population of Washington?7.5 million
42%
How many percent of Washington's land is federal?28%
29%
About how many percent of Washington's population is African American?4%
24%

Score Distribution

Percentile by Number Answered

Percent of People with Each Score

Your Score History

You have not taken this quiz since the last reset